000 004660000a22001810004500
003 MACL
005 20151007130931.0
008 151007b xxu||||| |||| 00| 0 eng d
040 _aMACL
_cMACL
041 _aEnglish
082 _a920/DAS
100 _aDas, Asitabha
_91680
245 _aAutobiography
_bWriting and Speeches Collecte Works
260 _bKishaloy Prakashan
_c2006
_aKolkata
350 _a400
650 _aAutobiography
_912720
942 _cBK
_k920
_2ddc
999 _c2028
_d2028